LEADER 01059nam--2200373---450- 001 990003405540203316 005 20130422095958.0 010 $a978-2-251-32441-8 035 $a000340554 035 $aUSA01000340554 035 $a(ALEPH)000340554USA01 035 $a000340554 100 $a20100527h2007----km-y0itay50------ba 101 $afre 102 $aFR 105 $a||||||||001yy 200 1 $aAmphiaraos$eguerrier, devin et guérisseur$fPierre Sineux 210 $aParis$cLes Belles Lettres$d2007 215 $a276 p.$d22 cm 225 2 $aVérité des mythes 410 0$12001$aVérité des mythes 600 $aAnfiarao$xMiti$2BNCF 676 $a292.213 700 1$aSINEUX,$bPierre$0295223 801 0$aIT$bsalbc$gISBD 912 $a990003405540203316 951 $aV.1.B. 972$b225382 L.M.$cV.1.$d00258979 959 $aBK 969 $aUMA 979 $aPAOLA$b90$c20100527$lUSA01$h1622 979 $aPAOLA$b90$c20100527$lUSA01$h1624 979 $aDSA$b90$c20130422$lUSA01$h0959 996 $aAmphiaraos$91125992 997 $aUNISA LEADER 01254nam0 22003131i 450 001 UON00271754 005 20231205103757.807 010 $a28-251-1906-7 100 $a20060110d2005 |0itac50 ba 101 $afre 102 $aFR 105 $a||||0 ||||| 200 1 $aDada$ecircuit total$fdossier coordonné par Henri Béhar et Catherine Dufour 210 $aLausanne$cL'Age d'Homme$d2005 215 $a770 p.$cill.$d27 cm. 316 $aEscluso dal prestito$5IT-UONSI FranceseVI C/016 410 1$1001UON00274616$12001 $aˆLes ‰Dossiers H$1210 $aLausanne$cL'Age d'Homme 606 $aDADAISMO$3UONC042704$2FI 620 $aCH$dLausanne$3UONL003281 676 $a709.04$cStoria, geografia, persone delle belle arti e arti decorative. 1900-1999$v21 702 1$aBÉHAR$bHenri$3UONV134423 702 1$aDUFOUR$bCatherine$3UONV159274 712 $aL'Âge d'Homme$3UONV260356$4650 801 $aIT$bSOL$c20240220$gRICA 899 $aSIBA - SISTEMA BIBLIOTECARIO DI ATENEO$2UONSI 912 $aUON00271754 950 $aSIBA - SISTEMA BIBLIOTECARIO DI ATENEO$dSI Francese VI C 016 $eSI LO 69496 7 016 Escluso dal prestito 996 $aDada$989723 997 $aUNIOR